Economic planning in Hungary, 1947-9.

Bibliographic Details
Main Author: Kemény, György, 1888-
Format: Book
Language:English
Published: London, New York : Royal Institute of International Affairs, [1952]
Subjects:

MARC

Tag First Indicator Second Indicator Subfields
LEADER 00000cam a2200000 4500
001 in00000060093
005 20151008051559.0
008 770520s1952 enk 00000 eng
010 |a a 52008430  
035 |a (OCoLC)02981286 
035 |9 AAG8785AM 
040 |a DLC  |c PZI  |d TXA  |d UtOrBLW 
049 |a TXAM  |c [209183] 
050 0 0 |a HC267.A2  |b K38 
082 0 |a 338.94391 
092 |a 338.94391  |b K31e 
100 1 |a Kemény, György,  |d 1888- 
245 1 0 |a Economic planning in Hungary, 1947-9. 
264 1 |a London,  |a New York :  |b Royal Institute of International Affairs,  |c [1952] 
300 |a x, 146 pages ;  |c 22 cm. 
336 |a text  |b txt  |2 rdacontent 
337 |a unmediated  |b n  |2 rdamedia 
338 |a volume  |b nc  |2 rdacarrier 
651 0 |a Hungary  |x Economic policy. 
999 |a MARS 
999 f f |s 502baf94-9d70-3e37-b42a-6f96ff586092  |i 98004d7c-f28a-3fab-bdf1-ec48aac62fc5  |t 0 
952 f f |p ric  |a Texas A&M University  |b Rellis Campus  |c Joint Library Facility  |d Remote Storage  |t 0  |e HC267.A2 K38  |h Library of Congress classification  |i unmediated -- volume  |m A14800774591 
998 f f |a HC267.A2 K38  |t 0  |l Remote Storage